<Das> Industriesystem Wirtschaftswachstum und sozialer Wandel im 19. Jahrhundert
Na minha lista:
| Autor principal: | |
|---|---|
| Formato: | Livro |
| Idioma: | alemão |
| Publicado em: |
Wien
Ueberreuter
1988
|
| Edição: | 1. Aufl. |
| Assuntos: | |
| Tags: |
Sem tags, seja o primeiro a adicionar uma tag!
|
MARC
| LEADER | 00000nam a2200000 4500 | ||
|---|---|---|---|
| 001 | c019074 | ||
| 005 | 20221206134815.1 | ||
| 020 | |a 3-8000-9046-5 | ||
| 041 | 0 | |a ger | |
| 044 | |a AT | ||
| 245 | 1 | 0 | |a <Das> Industriesystem |b Wirtschaftswachstum und sozialer Wandel im 19. Jahrhundert |c Herbert Matis |
| 250 | |a 1. Aufl. | ||
| 264 | 1 | |a Wien |b Ueberreuter |c 1988 | |
| 300 | |a 396 s. | ||
| 610 | 2 | 0 | |a priemysel |
| 610 | 2 | 0 | |a industrializácia |
| 610 | 2 | 0 | |a kapitalizmus |
| 610 | 2 | 0 | |a konkurencia |
| 610 | 2 | 0 | |a kríza |
| 610 | 2 | 0 | |a politika sociálna |
| 610 | 2 | 0 | |a rast hospodársky |
| 610 | 2 | 0 | |a imperializmus |
| 610 | 2 | 0 | |a kapitál finančný |
| 610 | 2 | 0 | |a revolúcia agrárna |
| 610 | 2 | 0 | |a revolúcia priemyselná |
| 100 | 1 | |a Matis, Herbert | |